logo

Bir Sreshtho Munshi Abdur Rouf Library
Jhenaidah Cadet College

বায়ান্নে গোয়েন্দা নজরে শেখ মুজিবের দৈনন্দিন জীবন / (Record no. 4555)

MARC details
000 -LEADER
fixed length control field 00789nam a2200229 a 4500
001 - CONTROL NUMBER
JCCL Control Number 4555
003 - CONTROL NUMBER IDENTIFIER
JCCL marc code BD-JhCC
005 - DATE AND TIME OF LATEST TRANSACTION
control field 20171128173204.0
008 - FIXED-LENGTH DATA ELEMENTS--GENERAL INFORMATION
fixed length control field 171128s2009 bg a|||| |||| 001 0cben d
020 ## - INTERNATIONAL STANDARD BOOK NUMBER
International Standard Book Number 9844613703
035 ## - SYSTEM CONTROL NUMBER
system control number (BD-JhCC) 4555
040 ## - CATALOGING SOURCE
Original cataloging agency BD-JhCC
Modifying agency BD-JhCC
041 ## - LANGUAGE CODE
Language code of Book ben
082 ## - DEWEY DECIMAL CLASSIFICATION NUMBER
Classification number 920
Author mark and Year DEY 2009
100 ## - MAIN ENTRY--PERSONAL NAME
Personal name দে, ড. সুনীল কান্তি
245 ## - TITLE STATEMENT
Title বায়ান্নে গোয়েন্দা নজরে শেখ মুজিবের দৈনন্দিন জীবন /
Statement of responsibility, etc ড. সুনীল কান্তি দে
260 ## - PUBLICATION, DISTRIBUTION, ETC. (IMPRINT)
Place of publication, distribution, etc ঢাকা :
Name of publisher, distributor, etc গতিধারা,
Date of publication, distribution, etc ২০০৯.
300 ## - PHYSICAL DESCRIPTION
Pagination ৯৫ পৃ. :
Dimensions ২২ সেমি.
Other physical details ill. ;
650 ## - SUBJECT ADDED ENTRY--TOPICAL TERM
Topical term or geographic name as entry element Biography
942 ## - ADDED ENTRY ELEMENTS (KOHA)
Source of classification or shelving scheme Dewey Decimal Classification
Koha item type Books
Holdings
Source of classification or shelving scheme Damaged status Not for loan Home library Current library Shelving location Date of accession Cost, normal purchase price Total Checkouts Full call number Barcode Date last seen Copy number Koha item type
Dewey Decimal Classification     JCC Rouf Library JCC Rouf Library General Stacks 11/28/2017 125.00   920 DEY 2009 6403 11/28/2017 C- 1 Books

JCC Library | Contacts | JCC Home

Last Update on 23 September 2017
Copyright @ 2017-2020 JCC Rouf Library
Rouf Library, Jhenidah Cadet College (JCC), Bangladesh